000 00556cab a2200217 4500
001 X544
008 090401t1993 xxu||||| |||| 00| 0 eng d
035 _a(Sirsi) u97793
041 _aeng
245 _aEC mutual recognition
260 _c1993
350 _a0
490 _aCSM (Chartered Surveyor Monthly)
_v2(7) April 1993, 3(1)
650 _aDIPLOMAS
650 _aIRELAND
650 _aQUALIFICATIONS
690 _aEUROPE-SINGLE MARKET
690 _aMANAGEMENT-BUSINESS MANAGEMENT-PROFESSIONAL PRACTICE
942 _n0
948 _c04/03/1997
999 _c59680
_d59680